000 00296nam a22001337a 4500
008 221007b ||||| |||| 00| 0 eng d
041 _aeng
080 _a61
082 _a61 SAU
100 _a6
101 _aINF
245 _aTHE SURGICAL CLINICS OF NORTH AMERICA
_cSAUNDERS
942 _2udc
_cBK
999 _c58417
_d58417